• 首页
  • 本馆介绍
  • 公告通知
  • 最新文献
  • 馆藏检索
  • 电子资源
  • 读者导购
  • 参考咨询
  • 我的图书馆
  • 登录
  • 详细信息显示
  • 放入我的书架
  • 预约/预借图书
  • 作者相关作品
  • 分类相关作品
  • 丛书相关作品
  • 出版社相关作品

书目信息

  • 表格格式
  • 工作单格式
  • 卡片格式
题名:
展示设计基础
    
 
作者: 万莉 , 齐瑞文 著
分册:  
出版信息: 南宁   广西美术出版社  2013.08
页数: 89页
开本: 29cm
丛书名:
单 册:
中图分类: J525.2
科图分类:
主题词: 陈列设计--高等学校--教材 , 陈列设计
电子资源:
ISBN: 978-7-5494-0799-6
000 00951nam0 2200289 450
001 0120131142088
005 20140612095120.10
010    @a978-7-5494-0799-6@dCNY39.00
100    @a20131108d2013 em y0chiy0110 ea
101 0  @achi
102    @aCN@b450000
105    @aak z 000yy
106    @ar
200 1  @a展示设计基础@9zhan shi she ji ji chu@dDisplay design@f万莉,齐瑞文著@zeng
210    @a南宁@c广西美术出版社@d2013.08
215    @a89页@c图@d29cm
300    @a全国高等院校设计学“十二五”规划教材
330    @a本书共分为什么是展示设计、为什么要进行展示设计、怎么作展示设计共三章,主要内容包括:展示和展示设计的定义、展示设计的特性等。
333    @a高校设计专业类师生
510 1  @aDisplay design@zeng
606 0  @a陈列设计@x高等学校@j教材
606 0  @a陈列设计
690    @aJ525.2@v5
701  0 @a万莉@9wan li@4著
701  0 @a齐瑞文@9qi rui wen@4著
801  0 @aCN@b人天书店@c20131108
905    @b548641-43@dJ525.2@e363@f3
    
    展示设计基础=Display design/万莉,齐瑞文著.-南宁:广西美术出版社,2013.08
    89页:图;29cm
    全国高等院校设计学“十二五”规划教材.-使用对象:高校设计专业类师生
    
    ISBN 978-7-5494-0799-6:CNY39.00
    本书共分为什么是展示设计、为什么要进行展示设计、怎么作展示设计共三章,主要内容包括:展示和展示设计的定义、展示设计的特性等。
●
相关链接 在E读中查询图书 在五车中查询图书 在当当中查询图书 在豆瓣中查询图书


正题名:展示设计基础     索取号:J525.2/363         预约/预借

序号 登录号 条形码 馆藏地/架位号 状态 备注
1 548641   205486419   第一样本阅览室/ [索取号:J525.2/363] 在馆    
2 548642   205486428   第一借阅区/ [索取号:J525.2/363] 在馆    
3 548643   205486437   第一借阅区/ [索取号:J525.2/363] 在馆    
唐山师范学院图书馆 欢迎您!
大连网信软件有限公司© 版权所有